| 000 | 01597nam a2200361 a 4500 | ||
|---|---|---|---|
| 001 | ebr10116461 | ||
| 003 | CaPaEBR | ||
| 006 | m u | ||
| 007 | cr cn||||||||| | ||
| 008 | 021025s2002 ne sb 001 0 eng | ||
| 010 | _z 2002115101 | ||
| 020 | _z1586033093 (IOS Press) | ||
| 020 | _z4274905608 (Ohmsha) | ||
| 040 |
_aCaPaEBR _cCaPaEBR |
||
| 035 | _a(OCoLC)56109649 | ||
| 050 | 1 | 4 |
_aJZ1318 _b.T84 2002eb |
| 082 | 0 | 4 |
_a327 _222 |
| 245 | 0 | 4 |
_aThe turning world _h[electronic resource] : _bglobalisation and governance at the start of the 21st century / _cedited by Guido Bertucci and Michael Duggett. |
| 260 |
_aAmsterdam ; _aWashington, DC : _bIOS Press ; _aTokyo : _bOhmsha ; _aBrussels : _bInternational Institute of Administrative Sciences, _cc2002. |
||
| 300 | _av, 119 p. | ||
| 490 | 1 |
_aInternational Institute of Administrative Sciences monographs, _x1382-4414 ; _vv. 20 |
|
| 500 | _a"UNDESA-IIAS joint publication." | ||
| 504 | _aIncludes bibliographical references and index. | ||
| 533 |
_aElectronic reproduction. _bPalo Alto, Calif. : _cebrary, _d2013. _nAvailable via World Wide Web. _nAccess may be limited to ebrary affiliated libraries. |
||
| 650 | 0 | _aGlobalization. | |
| 650 | 0 | _aPublic administration. | |
| 655 | 7 |
_aElectronic books. _2local |
|
| 700 | 1 | _aBertucci, Guido. | |
| 700 | 1 | _aDuggett, Michael. | |
| 710 | 2 | _aebrary, Inc. | |
| 830 | 0 |
_aInternational Institute of Administrative Sciences monographs ; _vv. 20. |
|
| 856 | 4 | 0 |
_uhttp://site.ebrary.com/lib/rucke/Doc?id=10116461 _zAn electronic book accessible through the World Wide Web; click to view |
| 999 |
_c208730 _d208730 |
||